00181 a2200085 450000100060000008200120000610000170001824500420003526000180007763389 a669 ALE aAlexander, W aMetals in the Service of ManhEnglish bPenguin Books